000 00700nam a2200193Ia 4500
008 0000001994 sp a 0000000000spa00
090 _aPSP00 M17c
100 1 _aMarín, Charo
245 1 0 _aCharo Marín
300 _a1 plegable [6] p.
_c/ 21 cm.
500 _aExposición realizada en Obra Cultural Caja de Madrid, Junio 1630, 1994 \ Con el patronazgo del maestro venezolano Jesús Rafael Soto (q.e.p.d.)
600 0 0 _aMARIN, CHARO. /
_xTRABAJOS PICTORICOS
650 1 4 _aARTE CONTEMPORANEO ESPAÑOL
650 1 4 _xCATALOGOS
650 1 4 _xEXPOSICIONES
650 1 4 _aPINTORES ESPAÑOLES
650 1 4 _aPINTURA ESPAÑOLA
999 _c1559
_d1559
260 _aMadrid : Obra Cultural Caja de Madrid
_c1994